| 000 | 01416nmm a2200325 a 4500 | ||
|---|---|---|---|
| 001 | 0000021917 | ||
| 003 | CO-CtgCURN | ||
| 005 | 20250331185248.0 | ||
| 007 | co cga---uuuuu | ||
| 008 | 160627s2007 i eng d | ||
| 020 | _a9789586484695 | ||
| 040 |
_aCO-CtgCURN _bspa _ccoctgcurn |
||
| 082 | 0 |
_a658.11 _bF663p |
|
| 100 | 1 | _aFlórez Uribe, Juan Antonio. | |
| 245 | 1 | 0 |
_aProyecto de inversion para las PYME _h[electronic resource] : _bcreacion de empresas / _cJuan Antonio Flórez Uribe. |
| 260 |
_aBogotá : _bEcoe Ediciones, _c2007. |
||
| 300 | _axviii, 164 p. 1 Cd - Rom. | ||
| 336 | _2rdacontent | ||
| 337 |
_2rdamedia _asin mediacion _bn |
||
| 338 |
_2rdacarrier _avolumen _bnc |
||
| 490 | 1 | _aTextos universitarios. Administración | |
| 504 | _aBibliografia (p. [165]) | ||
| 505 | 8 | _aContenido del proyecto.--Estudio del mercado.--Estudio tecnico del proyecto.--Organizacion y administracion.--Aspectos financieros del proyecto.--Resultados financieros en el plan de negocio.--Ejemplo practico del estudio financiero de un plan de negocio.--Creacion y organizacion de empresas | |
| 650 | 0 |
_aPequeña y mediana empresa _xAdministración. |
|
| 730 | 0 | _acreacion de empresas. | |
| 908 | _a160627 | ||
| 942 |
_cBK _h658.11 _iF663p _2ddc |
||
| 999 |
_c24570 _d24570 |
||